000 00622nam a22001937a 4500
999 _c195311
_d195311
005 20230321154645.0
010 _aENG-136466
020 _a9789389211641
_c615.00
035 _aEN-119998
037 _bDBAD/PUB
082 _a612
100 _aPal, GK
245 _aTextbook OF Practical Physiology :
_cBy GK Pal And Pravati Pal
_bAs PER Competency Based MCI Curriculam /
250 _aFifth
260 _bUniversities Press India Pvt Ltd
_aTelengana
_c2020
270 _a3-6-747/1/A & 3-6-754/1 Himayatnagar
_bHyderabad
_e500029
300 _a512p.;
_c28cm(pbk)
_bill.
942 _2ddc
_cEN
_h612
_mGKP